| 000 | 00482nam a2200169Ia 4500 | ||
|---|---|---|---|
| 008 | 090201s9999 xx 000 0 und d | ||
| 010 | _aKPL-45513 | ||
| 040 | _bमराठी | ||
| 041 | _aमराठी | ||
| 082 |
_a10069 _b45513 |
||
| 100 | _aबाबा कदम | ||
| 245 |
_aबुमरँग _cबाबा कदम |
||
| 260 |
_c2004 _bशशीदीप प्रकाशन |
||
| 300 |
_a278 _bमोठा |
||
| 600 | _aबुमरँग | ||
| 942 | _cBOOK | ||
| 999 |
_c210541 _d210541 |
||